Peruvian players in Premier League (2000-) - Statistics

General Stats
  • This quiz has been taken 52 times
  • The average score is 3 of 5
Answer Stats
Ranking Player Positions Nationality Matches Goals (assists) Periods Clubs % Correct
3 Claudio Pizarro FW 21 2 (1) 2007-2008
83%
1 Nolberto Solano MF 243 40 (42) 2000-2008
81%
2 André Carrillo MF, FW 28 1 (2) 2017-2018
62%
5 Diego Penny GK 1 0 (0) 2009-2010
36%
4 Ysrael Zúñiga FW 15 1 (0) 2000-2001
26%
No matching quizzes found
Score Distribution
Percent of People with Each Score
Percentile by Number Answered
Your Score History
You have not taken this quiz